Quizzes
Events
Quiz Creation
Community
Videos
Private Events
Remove Ads
Sign In
Join for FREE
Feedback
Dark Mode
Quiz Categories
Sports
Geography
Music
Movies
Television
Just For Fun
Miscellaneous
History
Literature
Language
Science
Gaming
Entertainment
Religion
Holiday
For Kids
Quiz Lab
Recent
Popular Today
Quiz Kudos Today
Editor Picks
Curator Picks
Quizzes by...
Day
Popularity
Type
Ratings
Length
Year
Community
Subscriptions
Recent Discussions
Orange Saloon
Badges
Playlists
Quests
Create
Leaderboards
Showdown
Live 5
Trivia Bingo
Activity
Puzzle Library
Sporcle Events
Private Events
Virtual Trivia
Globe League
Become a Host
Pub Owners
SporcleCon
Opinionation
Our Games
Videos
Blog
Mobile Apps
Partnerships
Remove Ads and Go Orange
Feedback
Music
Pop Music
The Beatles
Song
Album
Lyrics
Bands
Singers
Artist
Clip
Rock
Rap
Classical
Billboard
Country Music
Kpop
Taylor Swift
Music
Pop Music
The Beatles
Song
Album
Lyrics
Bands
Singers
Artist
Clip
Rock
Rap
Classical
Billboard
Country Music
Kpop
Taylor Swift
Random Quiz
Search Sporcle
×
Quiz Lab
Quiz Lab
Music
Modest Mouse
Type in answers that appear in a list
Type in answers that appear in a list
Classic
Best Score? Go Orange.
Out of Gas Stats
Can you name the Out of Gas lyrics by Modest Mouse?
By
Euphie
5m
199 Questions
357 Plays
357 Plays
357 Plays
Comments
Comments
Give Quiz Kudos
Give Quiz Kudos
-
- Ratings
hide this ad
Replay
Link that replays current quiz
Next Quiz
Link to next quiz in quiz playlist
You Got
0%
They Got
Avg Score
92%
Avg Friend Score
Upgrade to see
Score Distribution
Jump to the score distribution portion of the page
Score
0/199
Timer
05:00
0
Plays Today
% Correct
Out
99.4%
gas.
99.4%
Out
99.4%
Out
99.4%
Out
99.4%
gas.
99.4%
Out
99.4%
Out
99.4%
of
99.2%
of
99.2%
of
99.2%
of
99.2%
of
99.2%
of
99.2%
I
98.6%
And
98.6%
I
98.6%
a
98.6%
the
98.6%
I
98.6%
I
98.6%
a
98.6%
the
98.6%
I
98.6%
a
98.6%
And
98.6%
I
98.6%
I
98.6%
And
98.6%
I
98.6%
a
98.6%
the
98.6%
I
98.6%
I
98.6%
a
98.6%
the
98.6%
I
98.6%
a
98.6%
And
98.6%
I
98.6%
road.
95.2%
road.
95.2%
don't
94.4%
don't
94.4%
know
94.1%
go.
94.1%
know
94.1%
go.
94.1%
how
93.6%
day.
93.6%
day.
93.6%
to
93.6%
how
93.6%
day.
93.6%
day.
93.6%
to
93.6%
I'm
93.3%
other
93.3%
other
93.3%
I'm
93.3%
other
93.3%
other
93.3%
You
93%
You
93%
You
93%
You
93%
You
93%
% Correct
You
93%
You
93%
you
93%
You
93%
You
93%
You
93%
you
93%
You
93%
You
93%
gonna
92.7%
will
92.7%
will
92.7%
will
92.7%
will
92.7%
will
92.7%
will
92.7%
will
92.7%
will
92.7%
gonna
92.7%
will
92.7%
will
92.7%
will
92.7%
will
92.7%
will
92.7%
will
92.7%
them
92.4%
away.
92.4%
them
92.4%
away.
92.4%
had
92.2%
had
92.2%
had
92.2%
down
92.2%
down
92.2%
down
92.2%
down.
92.2%
down,
92.2%
down.
92.2%
down
92.2%
down
92.2%
down
92.2%
down,
92.2%
down.
92.2%
had
92.2%
had
92.2%
had
92.2%
down
92.2%
down
92.2%
down
92.2%
down,
92.2%
down.
92.2%
down
92.2%
down
92.2%
down,
92.2%
down.
92.2%
down,
92.2%
down.
92.2%
like
91.9%
like
91.9%
giving
91.6%
come
91.6%
too.
91.6%
come
91.6%
too
91.6%
come
91.6%
too.
91.6%
come
91.6%
% Correct
come
91.6%
come
91.6%
come
91.6%
too.
91.6%
come
91.6%
too
91.6%
come
91.6%
too.
91.6%
come
91.6%
come
91.6%
giving
91.6%
come
91.6%
too.
91.6%
come
91.6%
too
91.6%
come
91.6%
too.
91.6%
come
91.6%
come
91.6%
come
91.6%
too.
91.6%
come
91.6%
too
91.6%
come
91.6%
come
91.6%
come
91.6%
come
91.6%
were
91.3%
soon,
91.3%
soon.
91.3%
soon,
91.3%
soon,
91.3%
soon.
91.3%
soon,
91.3%
Soon
91.3%
were
91.3%
soon,
91.3%
soon.
91.3%
soon,
91.3%
Soon
91.3%
soon,
91.3%
soon.
91.3%
drink
90.2%
was
90.2%
drink
90.2%
drink
90.2%
was
90.2%
drink
90.2%
Opinions
89.4%
Opinions
89.4%
kittens,
88.5%
kittens,
88.5%
say.
86.8%
say.
86.8%
Car.
86.6%
lot
86.6%
car.
86.6%
lot
86.6%
said:
84%
said:
84%
enough,
73.4%
enough,
73.4%
You'll
63.3%
You'll
63.3%
You'll
63.3%
Quiz Playlist
Details
Report
Send in Message
Add To Playlist
Classic:
Type in answers that appear in a list
Last Updated: Feb 16, 2017
Quiz Scoreboard
CHALLENGE
Sign Up to Join the Scoreboard
Show All
Scores
Hide
Comments
May contain spoilers
Recently Published
Click the 1999 NBA Draft
by nibperrychub
Sports
2m
Alphabetical 'K' Countries by Flag Minefield
by ylime102
Geography
3m
Pick 6: Fruits
by JohnFran
Miscellaneous
15s
More to Explore
Quiz From the Vault
Featured Blog Post
15 Basketball Trivia Facts You Can Be March Mad About
hide this ad
You Might Also Like...
Tags
gas
modest
Modest Mouse
mouse
Today's Top Quizzes in Music
Browse Music
hide this ad
Top Contributed Quizzes in Music
1
Taylor Swift All Songs (2024)
2
KPOP LOGIC QUIZ
3
A Taylor Swift Logic Puzzle
4
Guess the Taylor Swift song (Mystery Song)
5
K-Pop Murder Mystery Logic Quiz
6
Taylor Swift Logic Puzzle
7
Guess The Taylor Swift Lyrics Song #1
8
kpop group name match up
9
NCT 2020 Logic Puzzle
10
K-Pop : 100 Debut Songs (Part 1 of 3)
Explore More
Trending Topics
NBA
Crossword
Kpop
Anime
Disney
Harry Potter
Marvel
Soccer
Puzzle
WWE
The Office
NFL
Song
Pokémon
Country
hide this ad
More By:
Euphie
Quiz
Plays
Rating
Category
Featured
Created
Tamora Pierce - Tortall
766
4.00
Literature
Aug 23, 2011
Pink - I'm not Dead
364
3.75
Music
Aug 13, 2011
Out of Gas
357
4.60
Music
Sep 6, 2011
Modest Mouse
311
3.25
Music
Sep 6, 2011
Delta Dawn
187
4.50
Music
Aug 30, 2011
Go to Creator's Profile
Score Distribution
Quiz Creator Spotlight
Euphie
Follow
Send a Message
Quizzes Created
-
Created Quiz Play Count
-
More By This Creator
Popular Quizzes Today
1
Countries of Asia Without Outlines Minefield
2
Find the US States - No Outlines Minefield
3
Pick 6: Fruits
4
Alphabetical 'K' Countries by Flag Minefield
5
The Countries of the World
6
Find the US States
7
US States
8
Match the Book to the Film X
More Music Quizzes
Classical Symphonies by Criteria
Curator's Pick
Trending Quizzes
Pick 6: Mountains
Pick 6: Harry Potter
Pick 6: NFL Teams
Pick 6: Movie Franchises
Pick 6: Golfers
Recently Updated
NWSL Teams
pecheneg
Women's Final Four Teams by Year
bhenderson79
Presidents Quartet II
eogle
Anything But Clue(do)
eogle
Anything But Oceanian Capitals
eogle
Anything But 7
eogle
Anything But Thing
eogle
Word Ladder: February 29
pecheneg
Song Title Questions
pecheneg
Women's NCAA Tournament #1 Seeds
pecheneg
Trending Topics
Kpop
NBA
Marvel
Disney
Crossword
Harry Potter
Anime
NFL
Song
Pokémon
The Office
WWE
Soccer
Country
Puzzle
Your Account Isn't Verified!
In order to create a playlist on Sporcle, you need to verify the email address you used during registration. Go to your
Sporcle Settings
to finish the process.
Report this User
Report this user for behavior that violates our
Community Guidelines
.
Details:
Send Report
Go to the Sporcle.com Mobile Site →
Comments